000 00482nam a2200169 a 4500
001 000020245
005 20200929170329.0
008 100730s2010 sp 000 0 spa d
020 _a9788449421129
040 _aDO-SdBNP
_bspa
_cBNPHU
082 _aR 463.13
_bD545
245 0 0 _aDiccionario de sinónimos y antónimos.
260 _aBarcelona. :
_bOceano,
_c2010.
300 _a788 p. ;
_c17 cm.
650 4 _aEspañol
_xSinónimos y antónimos
_vDICCIONARIOS
_92781
049 _aBNPD
999 _c19750
_d19750